<?xml version="1.0" encoding="UTF-8"?>
<record
    xmlns:xsi="http://www.w3.org/2001/XMLSchema-instance"
    xsi:schemaLocation="http://www.loc.gov/MARC21/slim http://www.loc.gov/standards/marcxml/schema/MARC21slim.xsd"
    xmlns="http://www.loc.gov/MARC21/slim">

  <leader>00948nam a22002297a 4500</leader>
  <controlfield tag="003">OSt</controlfield>
  <controlfield tag="005">20151026133603.0</controlfield>
  <controlfield tag="008">130530s1997       ||||| |||| 00| 0 spa d</controlfield>
  <datafield tag="040" ind1=" " ind2=" ">
    <subfield code="c">CDMR</subfield>
  </datafield>
  <datafield tag="100" ind1=" " ind2=" ">
    <subfield code="9">3597</subfield>
    <subfield code="a">Lever, J. G.</subfield>
  </datafield>
  <datafield tag="245" ind1="1" ind2="0">
    <subfield code="a">Noticias con acento, 1966-1967</subfield>
    <subfield code="b">: el antifranquismo expresado por Manuel Jim&#xE9;nez de Parga en el semanario Destino y la reacci&#xF3;n de la censura</subfield>
    <subfield code="c">J.G. Lever ; bajo la direcci&#xF3;n de Drs. A. van Noortwijk</subfield>
  </datafield>
  <datafield tag="260" ind1=" " ind2=" ">
    <subfield code="a">Groningen (Holanda)</subfield>
    <subfield code="c">1997</subfield>
  </datafield>
  <datafield tag="300" ind1=" " ind2=" ">
    <subfield code="a">193 p.</subfield>
  </datafield>
  <datafield tag="500" ind1=" " ind2=" ">
    <subfield code="a">Tesina de llicenciatura presentada a RTC, Rijks Universiteit Groningen, juliol 1997</subfield>
  </datafield>
  <datafield tag="500" ind1=" " ind2=" ">
    <subfield code="a">T&#xED;tol a la coberta: Las noticias con acento de Jim&#xE9;nez de Parga</subfield>
  </datafield>
  <datafield tag="600" ind1="1" ind2=" ">
    <subfield code="9">1553</subfield>
    <subfield code="a">Jim&#xE9;nez De Parga, Manuel</subfield>
    <subfield code="x">An&#xE0;lisi i interpretaci&#xF3;</subfield>
  </datafield>
  <datafield tag="650" ind1="0" ind2="4">
    <subfield code="9">2723</subfield>
    <subfield code="a">Censura</subfield>
    <subfield code="y">S. XX</subfield>
    <subfield code="z">Espanya</subfield>
  </datafield>
  <datafield tag="650" ind1="0" ind2="4">
    <subfield code="9">3312</subfield>
    <subfield code="a">Franquisme</subfield>
  </datafield>
  <datafield tag="610" ind1="1" ind2=" ">
    <subfield code="9">3381</subfield>
    <subfield code="a">Destino (Revista)</subfield>
  </datafield>
  <datafield tag="650" ind1="0" ind2="4">
    <subfield code="9">2994</subfield>
    <subfield code="a">Tesis i dissertacions acad&#xE8;miques</subfield>
  </datafield>
  <datafield tag="942" ind1=" " ind2=" ">
    <subfield code="2">udc</subfield>
    <subfield code="c">TSN</subfield>
  </datafield>
  <datafield tag="999" ind1=" " ind2=" ">
    <subfield code="c">6360</subfield>
    <subfield code="d">6360</subfield>
  </datafield>
  <datafield tag="952" ind1=" " ind2=" ">
    <subfield code="0">0</subfield>
    <subfield code="1">0</subfield>
    <subfield code="4">0</subfield>
    <subfield code="7">0</subfield>
    <subfield code="a">CDMR</subfield>
    <subfield code="b">CDMR</subfield>
    <subfield code="d">2013-01-16</subfield>
    <subfield code="l">0</subfield>
    <subfield code="o">Dc 8/4</subfield>
    <subfield code="p">CDMR13056567</subfield>
    <subfield code="r">2013-05-30</subfield>
    <subfield code="w">2013-05-30</subfield>
    <subfield code="y">TSN</subfield>
  </datafield>
</record>
